Statistics for Muse Lyrics #2

Click here to take the quiz!

General Stats

  • This quiz has been taken 477 times
  • The average score is 80 of 162

Answer Stats

Answer% Correct
the
91%
You
83%
you
83%
me
75%
And
71%
and
71%
be
71%
are
70%
We
68%
we
68%
To
66%
to
66%
can
64%
or
64%
will
62%
there
61%
do
60%
on,
60%
on?
60%
on
60%
in
58%
no
58%
they
57%
They
57%
go
54%
of
54%
there's
51%
for
50%
one?
49%
one.
49%
one
49%
that
49%
know
48%
when
48%
don't
47%
states
46%
States
46%
can't
45%
Eurasia!
45%
only
45%
United
45%
as
44%
these
43%
want
43%
Our
42%
The Resistance
42%
But
41%
we're
41%
Why
41%
won.
41%
same.
40%
care
39%
must
38%
Must
38%
told?
37%
blame.
36%
who's
36%
how
35%
see
35%
just
34%
them
34%
wars,
34%
fall
32%
has
32%
dust.
31%
Nothing
31%
trust.
31%
crimes.
30%
line
30%
split
30%
ancient
29%
heroes,
29%
punished
29%
change.
28%
turning
28%
unproven
28%
Does
27%
begun?
26%
gone
26%
promise
26%
anyone
25%
holds
25%
Sia!
25%
whoever
25%
cause
24%
insane.
24%
soon
23%
reins,
19%

Score Distribution

Percentile by Number Answered

Percent of People with Each Score

Your Score History

You have not taken this quiz